00849nam a2200253 i 4500001000300000100001600003245011600019246005600135260003000191300003600221490004000257500005800297504001200355650003900367650002600406650002200432655001400454830004100468020001500509040000800524041001100532080001100543008004100554bg1 aFORD, David10aOpcje giełdowe :b[metody i strategie : przewodnik inwestora] /cDavid Ford ; [tł. z ang. Piotr Kazimierski]. iTyt. oryg.:aThe investor's guide to traded options aWarszawa :bLIBER,c1997. a178 s. :brys., wykr. ;c24 cm.1 aInwestowanie. Z Biblioteki Parkietu aOryg.: "The investor's guide to traded options" 1994. aIndeks. 9aGiełda papierów wartościowych 9aPapiery wartościowe 9aRynek kapitałowy aPoradniki 0aInwestowanie.pZ Biblioteki Parkietu a8390640953 cBPK1 aplhen a336.76 s pl f |000 0 pol